000 00985nam a22002537a 4500
005 20170124103144.0
010 _aA-774264
020 _c80.00
_a8185139091
035 _aA-774264
037 _bCen Lib/Ret
040 _aDPL
_bHN
082 _a821
_bकिशन
100 _aकिशन स्वरुप
_985590
245 _aबूंद बूंद सागर मै /
_cकिशन स्वरुप
246 _aBund bund sagar mai
_bby Kishan Swarup
260 _aबिजनौर
_bहिंदी साहित्य निकेतन
_c1996
270 _aबिजनौर
_bबिजनौर
300 _a80पृष्ठ.
_c20सेमी(सजिल्द)
650 _aहिंदी साहित्य
_985591
650 _aहिंदी - गज़ल संग्रह
_942593
650 _ahindi Literature
_985592
650 _aHindi - Folk Collection
_985593
942 _2ddc
_cHN
_h821
_mकिशन
999 _c119564
_d119564